Central Library OPAC University of Rajshahi

এ ঘর-ও ঘর / (Record no. 48759)

MARC details
000 -LEADER
fixed length control field 00762nam a22002297a 4500
001 - CONTROL NUMBER
control field 48759
003 - CONTROL NUMBER IDENTIFIER
rucl marc code BD-RjUL
005 - DATE AND TIME OF LATEST TRANSACTION
control field 20211209054600.0
008 - FIXED-LENGTH DATA ELEMENTS--GENERAL INFORMATION
fixed length control field 160816s1968 bg ||||| |||| 00| 0 ben d
020 ## - INTERNATIONAL STANDARD BOOK NUMBER
Terms of availability : TK 3.50
035 ## - SYSTEM CONTROL NUMBER
System control number (BD-RjUL)48878
040 ## - CATALOGING SOURCE
Original cataloging agency BD-RjUL
Language of cataloging ben
Transcribing agency BD-RjUL
041 ## - LANGUAGE CODE
Language code of text/sound track or separate title ben
082 ## - DEWEY DECIMAL CLASSIFICATION NUMBER
Edition number 23
Classification number 891.4403
Author mark and year BHE 1968
100 1# - MAIN ENTRY--PERSONAL NAME
Personal name ভট্ট্যাচার্য, অজয়
9 (RLIN) 147085
245 10 - TITLE STATEMENT
Title এ ঘর-ও ঘর /
Statement of responsibility, etc. অজয় ভট্ট্যাচার্য
260 ## - PUBLICATION, DISTRIBUTION, ETC. (IMPRINT)
Place of publication, distribution, etc. ঢাকা
Name of publisher, distributor, etc. এম আবদুল হক,
Date of publication, distribution, etc. ১৯৬৮
300 ## - PHYSICAL DESCRIPTION
Pagination [২], ১৩০ পৃ. ;
Size ২২ সেমি.
650 ## - SUBJECT ADDED ENTRY--TOPICAL TERM
Topical term or geographic name as entry element বাংলা উপন্যাস
9 (RLIN) 147086
Topical term or geographic name as entry element Bengali Fiction
9 (RLIN) 147087
942 ## - ADDED ENTRY ELEMENTS (KOHA)
Source of classification or shelving scheme Dewey Decimal Classification
Koha item type Books
Holdings
Lost status Source of classification or shelving scheme Damaged status Not for loan Collection code Permanent Location Current Location Shelving location Date acquired Source of acquisition Cost, normal purchase price Total Checkouts Full call number Date last seen Date checked out Copy number Koha item type
  Dewey Decimal Classification     Fiction Central Library, University of Rajshahi Central Library, University of Rajshahi   16/05/1970 Nowros 3.50 2 B 891.443 BHE 1968 29/10/2017 12/10/2017 C-2 Books